The principal as leader of challenging conversations.

For every headteacher who has ever wished for a quick reference guide to keeping challenging conversations on course, the ideal tool is here. Inside are all the skills you need for navigating high-stakes interactions with staff, parents, students, and district leaders and steering them toward win-wi...

Full description

Bibliographic Details
Corporate Authors: Sage Publications, Ontario Principals' Council (associated with work.)
Format: eBook
Language:English
Published: Thousand Oaks, California : Corwin, 2016.
Series:Leading student achievement series.
Subjects:
Online Access:Connect to the full text of this electronic book

MARC

Tag First Indicator Second Indicator Subfields
LEADER 00000nam a2200000 i 4500
001 in00004754921
006 m|||||o||d||||||||
007 cr |||||||||||
008 160107s2016 caua fob 001|0|eng|d
005 20231120173639.7
020 |a 9781506335698 (ebook) :  |c No price 
035 |a (OCoLC)986591990 
035 |a (StDuBDS)EDZ0001316184 
040 |a StDuBDS  |b eng  |c StDuBDS  |e rda  |e pn 
050 0 |a LB2831.9  |b .P65 2016 
082 0 4 |a 371.2012  |2 23 
245 0 4 |a The principal as leader of challenging conversations. 
264 1 |a Thousand Oaks, California :  |b Corwin,  |c 2016. 
300 |a 1 online resource :  |b illustrations. 
336 |a text  |b txt  |2 rdacontent 
337 |a computer  |b c  |2 rdamedia 
338 |a online resource  |b cr  |2 rdacarrier 
490 1 |a Leading student achievement series 
504 |a Includes bibliographical references and index. 
520 8 |a For every headteacher who has ever wished for a quick reference guide to keeping challenging conversations on course, the ideal tool is here. Inside are all the skills you need for navigating high-stakes interactions with staff, parents, students, and district leaders and steering them toward win-win solutions. 
521 |a Specialized. 
588 |a Description based on online resource; title from home page (viewed on January 22, 2016). 
650 0 |a School principals  |x Professional relationships. 
650 0 |a Communication in education. 
650 0 |a School crisis management. 
650 0 |a Conflict management. 
655 7 |a Electronic books.  |2 local 
710 2 |a Sage Publications. 
710 2 |a Ontario Principals' Council,  |e associated with work. 
776 0 8 |i Print version :  |z 9781412981156 
830 0 |a Leading student achievement series. 
856 4 0 |u http://proxy.library.tamu.edu/login?url=https://sk.sagepub.com/Books/the-principal-as-leader-of-challenging-conversations  |z Connect to the full text of this electronic book  |t 0 
955 |a SAGE Knowledge 
999 f f |s 04661023-e2f9-4467-92b3-86b934a83910  |i 19ab2aaf-e6c3-488d-ae5a-0da737cb7335  |t 0 
952 f f |a Texas A&M University  |b College Station  |c Electronic Resources  |d Available Online  |t 0  |e LB2831.9 .P65 2016  |h Library of Congress classification 
998 f f |a LB2831.9 .P65 2016  |t 0  |l Available Online